000 00847nam a22002297a 4500
008 240608b mp ||||| |||| 00| 0 mon d
020 _a99929-0-471-2
035 _a1292
040 _aDU1548031
_bmon
_cMN-UlNLM
_dMN-UlNLM
_erda
041 _amon
042 _a2934
084 _2NNA
_a28.693.35
_bА-35
100 _aЭрвин Айгнэр
245 0 _aДууч шувууд
264 _aУлаанбаатар
_bАдмон ХХК
_c2003
300 _a20
336 _2rdacontent
_atext
_btxt
337 _2rdamedia
_aunmediated
_bn
338 _2rdacarrier
_avolume
_bnc
650 _aХар хөөндэй, Дуулгат ээрүүл бялзуухай, Гал сүүлт, Зана бялзуухай, Их хөх бух, Улаан гургалдай, Дууч хөөндэй, Хар тодол, Бор бужи...
942 _2NNA
_cBK
999 _c821219
_d821276